[Event "Mecklenburg VP-chC"]
[Site "Greifswald"]
[Date "2024.03.25"]
[Round "6"]
[White "Rex, Manuel"]
[Black "Benik, Egbert"]
[Result "0-1"]
[WhiteElo "1674"]
[BlackElo "1620"]
[PlyCount "118"]
[EventDate "2024.03.23"]
[EventType "swiss"]
[EventRounds "7"]
[EventCountry "GER"]
[SourceTitle "CBM 219 Extra"]
[Source "ChessBase"]
[SourceDate "2024.05.31"]
[SourceVersion "1"]
[SourceVersionDate "2024.05.31"]
[SourceQuality "1"]

1. d4 g6 2. Bf4 Bg7 3. Nc3 e6 4. Nf3 d6 5. e4 Bd7 6. Qd2 Nc6 7. Be2 Nxd4 8. Nxd4 e5 9. Be3 exd4 10. Bxd4 Bxd4 11. Qxd4 Qf6 12. Qe3 Ne7 13. 0-0 0-0 14. Bc4 Bc6 15. Rad1 a6 16. Nd5 Nxd5 17. exd5 Bd7 18. Qc1 Rfe8 19. c3 Re7 20. Rfe1 Rae8 21. Rxe7 Rxe7 22. Re1 Rxe1+ 23. Qxe1 Qe5 24. Qxe5 dxe5 25. f3 b5 26. Bb3 a5 27. Kf2 Kg7 28. Bc2 Kf6 29. Bd3 h6 30. b3 Ke7 31. c4 bxc4 32. bxc4 Kd6 33. Ke2 c6 34. dxc6 Bxc6 35. Kd2 Kc5 36. Kc3 f5 37. Bf1 g5 38. a3 a4 39. Kd3 e4+ 40. fxe4 Bxe4+ 41. Ke3 Bb7 42. g3 Ba6 43. Bd3 Bxc4 44. Bxf5 Bd5 45. Kd3 Bc6 46. Kc3 h5 47. h4 gxh4 48. gxh4 Be8 49. Bc2 Kb5 50. Kd4 Ka5 51. Ke5 Kb5 52. Kf4 Kc4 53. Bd1 Kc3 54. Kg5 Kb2 55. Bxh5 Bxh5 56. Kxh5 Kxa3 57. Kg6 Kb3 58. h5 a3 59. h6 a2 0-1

[Event "Rostock SSC op 18th"]
[Site "Rostock"]
[Date "2019.08.07"]
[Round "1"]
[White "Raitza, Egon"]
[Black "Rex, Manuel"]
[Result "0-1"]
[WhiteElo "1763"]
[BlackElo "1032"]
[PlyCount "72"]
[EventDate "2019.08.07"]
[EventType "swiss"]
[EventRounds "7"]
[EventCountry "GER"]
[SourceTitle "EXT 2020"]
[Source "ChessBase"]
[SourceDate "2019.10.17"]
[SourceVersion "1"]
[SourceVersionDate "2019.10.17"]
[SourceQuality "1"]

1. d4 Nf6 2. c4 g6 3. Nc3 Bg7 4. e4 d6 5. f3 0-0 6. Be3 e5 7. d5 a5 8. Qd2 Nbd7 9. Nge2 Kh8 10. Nc1 Ng8 11. Nd3 f5 12. c5 f4 13. Bf2 Ndf6 14. Rc1 Bd7 15. cxd6 cxd6 16. Be2 g5 17. b3 g4 18. Nb2 gxf3 19. gxf3 Nh5 20. Nc4 Bh3 21. Nb6 Rb8 22. Nb5 Bf6 23. Bf1 Bxf1 24. Kxf1 Bh4 25. Nc7 Qe7 26. Bxh4 Qxh4 27. Kg1 Rf6 28. Ne6 Rg6+ 29. Qg2 Rxg2+ 30. Kxg2 Re8 31. Rc7 Re7 32. Rc8 Rf7 33. Rhc1 h6 34. Rd8 Rf6 35. Rcc8 Rg6+ 36. Kf1 Qh3+ 0-1